00687nam a2200229 a 4500001001300000003000900013005001700022008004100039020002600080082001300106100001800119245003800137260004200175300000900217500003500226505002400261650001600285902000800301942000700309952012600316999001500442nice12345678IN_TiNIC20260116013136.0050524s1994 leia grp 000 0 eng  a0830843 c881.5100a239bKRE aKreeft, Peter aHandbook of Christian Apologetics aLeicesterbInter Varsity Press c1994 a406p aincludes index and biblioraphy2 aBibliography, Index aApologetics bSRS cBK 001040708StackRoom-aHMIbHMId2007-06-21g881.51l2o239 KREp019564r2022-09-13s2022-07-28v881.51w2005-05-24yBK c9835d9835